Регионална библиотека "Любен Каравелов" - Русе

Медицинска ботаника с основи на фуражното производство (Запис номер 445592)

MARC детайли
000 -Лидер
Контролно поле с фиксирана дължина nam a22 a 4500
003 - Код на организацията, давaща контролен номер
Контролно поле BLK
005 - Дата и час на последна редакция
Контролно поле 20221208031159.0
008 - Елементи от данни с фиксирана дължина
fixed length control field 200316b bul|||||r ||||||| ||bul||
040 ## - Източник на каталожния запис
Идентификатор на билиотеката - собственик на записа BLK
041 ## - Код за език
Код за езика на текст/звукозапис или на отделно заглавие Български
Код за езика КДБФ Български
080 ## - УДК
Текстов определител УДК Обща ботаника
УДК код - определител по УДК 581
УДК - код + определител 581
080 ## - УДК
Текстов определител УДК Етеричномаслени растения. Ароматни, оцветителни, дъбилни, лекарствени растения
УДК код - определител по УДК 633.8
УДК - код + определител 633.8
100 ## - Редна дума - Автор
Автор Колев, Иван Д.
Авторска отговорност първи автор
R(LIN) 408130
139 ## - Редно поле
Редна дума Колев, Иван Д. и др.
245 10 - Сведения за заглавието
Заглавие Медицинска ботаника с основи на фуражното производство
Подзаглавни данни Учебник за студенти по ветер. медицина
Редно поле (дума) Иван Д. Колев; съавт. Янка Якимова.
250 ## - Област на изданието
Сведения за изданието 2. изд.
257 ## - Страна на издаване
Страна на създаване/издаване България
260 ## - Област на издателските данни
Място на издаване, разпространение и проч. София
Име на издателя, разпространителя и проч. Земиздат
Година на издаване 1963 [библиогр. каре 1962]
Печатница София : Тодор Димитров
300 ## - Физическа характеристика
Страници 256 с.
Илюстрации и др. с ил.
Размери/Мащаб 24 см
380 ## - Жанр
Жанр Естествени науки. Математика
500 ## - Общи забележки
Забележка 1. изд. със загл. Ботаника с основи на фуражното производство с авт.Иван Д. Колев. - 1 060 тир. - Библиогр. с. 251-252.
650 #0 - Допълнително описание по предмет – тема
Основно описание – тема или топоним Фармацевтична ботаника - учебници за ВУЗ
9 (RLIN) 347372
650 #7 - Допълнително описание по предмет – тема
Основно описание – тема или топоним Фуражно производство - технологично обзавеждане - учебници за ВУЗ
9 (RLIN) 176245
653 #7 - Ключова дума – ненормативна
Ключова дума медицинска биология
9 (RLIN) 190724
653 #0 - Ключова дума – ненормативна
Ключова дума приложна ботаника
9 (RLIN) 449562
700 ## - Други автори (авторска отговорност)
Лично име Якимова, Янка
Автороска отговорност (Описва отношението между автора и произведението) съавт.
9 (RLIN) 1445
852 ## - Местоположение
Форматна сигнатура Цб 24988
Фондова буква Хранилище
999 ## - СИСТЕМНИ КОНТРОЛНИ НОМЕРА
Koha biblionumber 445592
Koha biblioitemnumber 445592
942 ## - АРТИКУЛИ
Вид на библиотечния материал Книги
Скрит в OPAC Не
Периодичен библиозапис Да
944 ## - СЪЗДАВАНЕ И РЕДАКЦИЯ на ЗАПИСА
Създаване/Редакция Създаване
Дата на регистрацията/редакция 2022-02-22
Служител, извършил регистрацията/редакцията СТ
Наличности
Код за отписване Код за изгубен артикул Източник на класификационната схема Код за повреда Коз за рестрикции Код за отдаване Артикулен № Име на библиотеката - собственик Име на библиотеката, в която се намира в момента Статус (Текущо местоположение) Дата на вписване в системата Местоположение - отдел Цена в лева Инвентарен номер Систематично азбучна сигнатура Баркод Цена в евро Служебен тип на артикула
  Не е изгубен Universal Decimal Classification Не е повреден само за читалня ползва се в читалня 873039 Регионална библиотека "Любен Каравелов" Русе Регионална библиотека "Любен Каравелов" Русе Хранилище 2022-02-23 Хранилище 0.95 18510/62 Цб 24988 900000090274 0.49 Книги
Vip Innovations Ltd, Rousse, Bulgaria 2025